000 00281nam a22001217a 4500
008 180924b xxu||||| |||| 00| 0 eng d
041 _aeng
080 _a159.9
100 _a48
101 _aPSI
245 _aUnderstanding Child abuse and neglect
_cPetersen,A.C
942 _2udc
_cBK
999 _c48323
_d48323